| 000 | 00340cam a2200133ua 4500 | ||
|---|---|---|---|
| 003 | OSt | ||
| 008 | 211116b ||||| |||| 00| 0 eng d | ||
| 020 | _a81 202 0280 5 | ||
| 082 |
_a631.587 _bAJA/IR |
||
| 245 | _aIrrigation :plant practice perspective / | ||
| 260 |
_a : _bAjantha publications , _c1990. |
||
| 300 | _a200 ; . | ||
| 942 | _cBK | ||
| 999 |
_c2707 _d2707 |
||